000 00482nam a2200181Ia 4500
005 20250508162232.0
008 008 250505s9999 xx 000 0 hin d
037 _aTextual
040 _aFEDL
_beng
_cFEDL
041 _ahin
_2eng
084 _a915.4, SHA
_qFEDL
100 _aShankar
245 0 _aEpar bangla opar bangla
260 _aNew Delhi, India
_bRaj Kamal Prakashan
_c1982
300 _a290p
942 _cTEXL
_h915.4, SHA
999 _c1375276
_d1375276